|
|
|
|
| LEADER |
01135nam a2200277 a 4500 |
| 001 |
15163305 |
| 008 |
120524s2008 ii b 001 0 eng d |
| 010 |
|
|
|a 2008003872
|
| 020 |
|
|
|a 9780761936756 (hard back)
|
| 040 |
|
|
|a DLC
|c DLC
|d DLC
|d BD-DhAAL
|
| 082 |
0 |
0 |
|a 306.84508995
|2 22
|
| 245 |
0 |
0 |
|a Marriage, migration and gender /
|c edited by Rajni Palriwala and Patricia Uberoi.
|
| 260 |
|
|
|a New Delhi ;
|a Thousand Oaks :
|b SAGE Publications,
|c c2008.
|
| 300 |
|
|
|a 359 p. ;
|c 22 cm.
|
| 490 |
0 |
|
|a Women and migration in Asia,series editor Meenakshi Thapan ;
|v 5
|
| 504 |
|
|
|a Includes bibliographical references and index.
|
| 541 |
1 |
|
|e 00025279
|
| 650 |
|
0 |
|a Intercountry marriage.
|
| 650 |
|
0 |
|a Arranged marriage.
|
| 650 |
|
0 |
|a Asians
|z Foreign countries.
|
| 650 |
|
0 |
|a Globalization
|x Social aspects.
|
| 700 |
1 |
|
|a Palriwala, Rajni,
|d 1955-
|
| 700 |
1 |
|
|a Uberoi, Patricia.
|
| 852 |
1 |
|
|a Ayesha Abed Library
|j General shelf
|
| 999 |
|
|
|c 12257
|d 12257
|
| 952 |
|
|
|0 0
|1 0
|4 0
|6 306_845089950000000_MAR
|7 0
|9 20299
|a BRACUL
|b BRACUL
|c GEN
|d 2012-05-24
|e Karim International
|g 682.00
|l 2
|m 30
|o 306.84508995 MAR
|p 3010025279
|r 2024-10-09
|s 2024-02-07
|t 1
|w 2012-05-24
|y BK
|